The young man's guide through the wilderness of this world to the heavenly Canaan : shewing him how to carry himself Christian-like in the whole course of his life.

Bibliographic Details
Main Author: Gouge, Thomas, 1605-1681
Format: eBook
Language:English
Published: London : Printed by E.T. and R.H. and are to be sold by Robert Boulter, 1672.
Series:Early English books online.
Subjects:
Online Access:Connect to the full text of this electronic book

MARC

Tag First Indicator Second Indicator Subfields
LEADER 00000nam a2200000Ia 4500
001 in00004242021
005 20200807091702.0
006 m g d
007 cr bn |||a|bb|
008 840124s1672 enk o 00| | eng d
035 |a (OCoLC)10334207 
040 |a UMI  |c UMI  |d WaOLN 
037 |a CL0037000047  |b ProQuest Information and Learning. 300 N. Zeeb Rd., Ann Arbor, MI 48106 
049 |a UMIA 
090 |a BV4540  |b .G68 
100 1 |a Gouge, Thomas,  |d 1605-1681. 
245 1 4 |a The young man's guide through the wilderness of this world to the heavenly Canaan :  |b shewing him how to carry himself Christian-like in the whole course of his life. 
260 |a London :  |b Printed by E.T. and R.H. and are to be sold by Robert Boulter,  |c 1672. 
300 |a 1 online resource (75, [2] pages) 
336 |a text  |b txt  |2 rdacontent 
337 |a computer  |b c  |2 rdamedia 
338 |a online resource  |b cr  |2 rdacarrier 
500 |a Other editions show Tho. Gouge on t.p. 
500 |a Reproduction of original in the British Library. 
510 4 |a Wing  |c G1386. 
533 |a Electronic reproduction.  |b Ann Arbor, Mich. :  |c UMI,  |d 1999-  |f (Early English books online)  |n Digital version of: (Early English books, 1641-1700 ; 1385:3)  |7 s1999 miun s 
650 0 |a Young men  |x Religious life. 
650 0 |a Christian life  |x Anglican authors. 
830 0 |a Early English books online. 
856 4 0 |u http://proxy.library.tamu.edu/login?url=https://search.proquest.com/docview/2248498205  |z Connect to the full text of this electronic book  |t 0 
999 f f |s 29874339-cc03-3b52-aa53-0bbe1aec7af0  |i 1e911e1f-a138-370f-83ce-3e1f38dabd7b  |t 0 
952 f f |a Texas A&M University  |b College Station  |c Electronic Resources  |d Available Online  |t 0  |e BV4540 .G68  |h Library of Congress classification 
998 f f |a BV4540 .G68  |t 0  |l Available Online